Mortality in a rural region in Sub-Saharan Africa: results from a demographic surveillance system in Nouna, Burkina Faso

Saved in:
Bibliographic Details
Other Authors: Kynast-Wolf, Gisela (Other)
Format: Book/Monograph Working Paper
Language:English
Published: Heidelberg Univ. 2001
Series:Discussion paper 01/2001
In: Discussion paper (01/2001)

Online Access: Get full text
Author Notes:Gisela Kynast-Wolf ...

MARC

LEADER 00000cam a22000002c 4500
001 1162017260
003 DE-627
005 20240503193216.0
007 tu
008 010628s2001 xx ||||| 00| ||eng c
035 |a (DE-627)1162017260 
035 |a (DE-576)092017266 
035 |a (DE-599)BSZ092017266 
040 |a DE-627  |b ger  |c DE-627  |e rakwb 
041 |a eng 
084 |a 33  |2 sdnb 
084 |a 33  |2 sdnb 
084 |a XE 5700  |2 rvk  |0 (DE-625)rvk/152649:12905 
245 0 0 |a Mortality in a rural region in Sub-Saharan Africa  |b results from a demographic surveillance system in Nouna, Burkina Faso  |c Gisela Kynast-Wolf ... 
264 1 |a Heidelberg  |b Univ.  |c 2001 
300 |a 24 S.  |b graph. Darst. 
336 |a Text  |b txt  |2 rdacontent 
337 |a ohne Hilfsmittel zu benutzen  |b n  |2 rdamedia 
338 |a Band  |b nc  |2 rdacarrier 
490 1 |a Discussion paper  |v 01/2001 
583 1 |a Archivierung prüfen  |c 20200919  |f DE-640  |z 1  |2 pdager 
583 1 |a Archivierung/Langzeitarchivierung gewährleistet  |f PEBW  |h DE-31  |x XA-DE-BW  |2 pdager  |5 DE-16 
700 1 |a Kynast-Wolf, Gisela  |d 1955-  |0 (DE-588)13609676X  |0 (DE-627)694072591  |0 (DE-576)18401154X  |4 oth 
810 2 |a Sonderforschungsbereich Kontrolle Tropischer Infektionskrankheiten  |g Heidelberg  |t Discussion paper  |v 01/2001  |9 01/2001  |w (DE-627)1161947000  |w (DE-576)091947006  |7 am 
936 r v |a XE 5700  |b Allgemeines  |k Medizin  |k Hygiene  |k Touristikmedizin, Tropenmedizin  |k Allgemeines  |k Allgemeines  |0 (DE-627)1272067564  |0 (DE-625)rvk/152649:12905  |0 (DE-576)202067564 
951 |a BO 
992 |a 20170731 
993 |a WorkingPaper 
994 |a 2001 
998 |g 13609676X  |a Kynast-Wolf, Gisela  |m 13609676X:Kynast-Wolf, Gisela  |d 910000  |d 912800  |e 910000PK13609676X  |e 912800PK13609676X  |k 0/910000/  |k 1/910000/912800/  |p 1  |x j 
999 |a KXP-PPN1162017260  |e 2975705107 
BIB |a Y 
JSO |a {"language":["eng"],"name":{"displayForm":["Gisela Kynast-Wolf ..."]},"relMultPart":[{"name":{"displayForm":["Ruprecht-Karls-Universität Heidelberg, SFB 544"]},"dispAlt":"Sonderforschungsbereich Kontrolle Tropischer Infektionskrankheiten <Heidelberg>: Discussion paper","disp":"Discussion paper","recId":"1161947000","origin":[{"publisherPlace":"Heidelberg","publisher":"Univ.","dateIssuedDisp":"19XX-"}],"title":[{"title":"Discussion paper","title_sort":"Discussion paper"}],"type":{"bibl":"serial"},"corporate":[{"role":"aut","display":"Sonderforschungsbereich Kontrolle Tropischer Infektionskrankheiten"}],"id":{"eki":["1161947000"]},"part":{"number_sort":["01/2001"],"number":["01/2001"]}}],"origin":[{"publisher":"Univ.","publisherPlace":"Heidelberg","dateIssuedKey":"2001","dateIssuedDisp":"2001"}],"type":{"bibl":"edited-book"},"title":[{"title":"Mortality in a rural region in Sub-Saharan Africa","title_sort":"Mortality in a rural region in Sub-Saharan Africa","subtitle":"results from a demographic surveillance system in Nouna, Burkina Faso"}],"recId":"1162017260","person":[{"given":"Gisela","role":"oth","family":"Kynast-Wolf","display":"Kynast-Wolf, Gisela"}],"physDesc":[{"noteIll":"graph. Darst.","extent":"24 S."}],"id":{"eki":["1162017260"]}} 
SRT |a MORTALITYI2001